Democracy, efficiency, stability : (Record no. 41696)
[ view plain ]
| 000 -LEADER | |
|---|---|
| fixed length control field | 00974nam a2200277 a 4500 |
| 001 - CONTROL NUMBER | |
| control field | 41696 |
| 003 - CONTROL NUMBER IDENTIFIER | |
| rucl marc code | BD-RjUL |
| 005 - DATE AND TIME OF LATEST TRANSACTION | |
| control field | 20211209053432.0 |
| 008 - FIXED-LENGTH DATA ELEMENTS--GENERAL INFORMATION | |
| fixed length control field | 160605s1942 dcu b 000 0 eng |
| 035 ## - SYSTEM CONTROL NUMBER | |
| System control number | (BD-RjUL)41814 |
| System control number | (OCoLC)1682769 |
| 040 ## - CATALOGING SOURCE | |
| Original cataloging agency | DLC |
| Transcribing agency | OClU |
| Modifying agency | OCoLC |
| -- | (BD-RjUL) |
| -- | DLC |
| Language of cataloging | eng |
| 041 ## - LANGUAGE CODE | |
| Language code of text/sound track or separate title | eng |
| 051 ## - LIBRARY OF CONGRESS COPY, ISSUE, OFFPRINT STATEMENT | |
| Copy information | copy 2. |
| 082 ## - DEWEY DECIMAL CLASSIFICATION NUMBER | |
| Classification number | 321.80973 |
| Edition number | 23 |
| Author mark and year | MID 1942 |
| 100 1# - MAIN ENTRY--PERSONAL NAME | |
| Personal name | Millspaugh, Arthur Chester, |
| Dates associated with a name | 1883-1955. |
| 9 (RLIN) | 128078 |
| 245 10 - TITLE STATEMENT | |
| Title | Democracy, efficiency, stability : |
| Remainder of title | an appraisal of American government / |
| Statement of responsibility, etc. | by Arthur C. Millspaugh. |
| 260 ## - PUBLICATION, DISTRIBUTION, ETC. (IMPRINT) | |
| Place of publication, distribution, etc. | Washington, D.C. : |
| Name of publisher, distributor, etc. | The Brookings Institution, |
| Date of publication, distribution, etc. | 1942 |
| 300 ## - PHYSICAL DESCRIPTION | |
| Pagination | x, 522 p. |
| Size | 24 cm. |
| 490 0# - SERIES STATEMENT | |
| Series statement | The Institute for government research of The Brookings Institution. Studies in administration, |
| Volume/sequential designation | no. 43 |
| 504 ## - BIBLIOGRAPHY, ETC. NOTE | |
| Bibliography, etc | Bibliographical foot-notes. |
| 650 #0 - SUBJECT ADDED ENTRY--TOPICAL TERM | |
| Topical term or geographic name as entry element | Democracy. |
| 9 (RLIN) | 128079 |
| 651 #0 - SUBJECT ADDED ENTRY--GEOGRAPHIC NAME | |
| Geographic name | United States |
| General subdivision | Politics and government. |
| 9 (RLIN) | 128080 |
| 942 ## - ADDED ENTRY ELEMENTS (KOHA) | |
| Source of classification or shelving scheme | Dewey Decimal Classification |
| Koha item type | Books |
| Lost status | Source of classification or shelving scheme | Damaged status | Not for loan | Collection code | Permanent Location | Current Location | Shelving location | Date acquired | Source of acquisition | Total Checkouts | Full call number | Date last seen | Copy number | Koha item type |
|---|---|---|---|---|---|---|---|---|---|---|---|---|---|---|
| Dewey Decimal Classification | Non-fiction | Central Library, University of Rajshahi | Central Library, University of Rajshahi | 27/02/1958 | U.S.I.S | 321.80973 MID 1942 | 05/06/2016 | C-2 | Books |